Największe aglomeracje w Brazylii - Statystyki

Ogólne statystyki
  • Ten quiz został rozwiązany 128 razy
  • Średni wynik to 8 z 20
Statystyki odpowiedzi
Miejsce Mieszkańcy Nazwa % Poprawnych
2. 12 280 702 Aglomeracja Río de Janeiro
97%
1. 21 090 791 Aglomeracja São Paulo
93%
5. 4 201 737 Aglomeracja Dystryktu Federalnego
90%
12. 2 420 866 Aglomeracja Manaus
63%
3. 5 828 923 Aglomeracja Belo Horizonte
52%
9. 3 502 804 Aglomeracja Kurytybska
49%
6. 3 985 297 Aglomeracja Recife
45%
4. 4 258 926 Aglomeracja Porto Alegre
44%
13. 2 402 319 Aglomeracja Belém
42%
7. 3 953 290 Aglomeracja Fortaleza
42%
8. 3 914 317 Aglomeracja Salvador
41%
16. 1 504 821 Aglomeracja Natal
25%
17. 1 427 881 Aglomeracja São Luís
24%
11. 2 421 833 Aglomeracja Goiânia
22%
15. 1 883 082 Aglomeracja Santos
18%
10. 3 094 181 Aglomeracja Campinas
17%
18. 1 304 278 Aglomeracja Maceió
12%
14. 1 910 384 Aglomeracja Vitória
12%
19. 1 198 675 Aglomeracja João Pessoa
8%
20. 1 142 912 Wielkie Teresina
8%
Nie znaleziono quizów pasujących do podanych kryteriów
Rozkład punktacji
Procent ludzi z każdym wynikiem
Percentyl według liczby udzielonych odpowiedzi
Twoja historia wyników
Nie rozwiązałeś tego quizu